000 00518nam a2200205Ia 4500
008 191130s2004##################000#0#eng##
020 _a9780719576690
040 _aACL
_cACL
082 _a530 DUN
100 _aDuncan, Tom
245 _aAdvanced physics
_cTom Duncan
250 _a5th ed
260 _aLondon
_bJohn Murray (Publishers) Ltd
_c2004
300 _aix,587 p
500 _aIncludes index
650 _aPhysics
990 _acaad4523ac10000c41b08ab206d574a9
991 _a361590
999 _c243001
_d243001